000
00319nam a2200133Ia 4500
005
20250603145807.0
008
250603s9999 xx 000 0 und d
050
_a
KP 29 .N5/
100
_a
Mukiitar, A. M.
245
0
_a
Supreme court rules: practice direction, 2013
260
_c
2013
300
_a
89 p
942
_c
BK
999
_c
42875
_d
42875